000
00301nam a22001337a 4500
008
210303b ||||| |||| 00| 0 eng d
020
_a
9780873375344
041
_a
eng
080
_2
4th
_a
33
100
_a
59
101
_a
BIZ
245
_a
Tax Savvy for Small Business
_c
Daily,W.F
942
_2
udc
_c
BK
999
_c
55566
_d
55566